| 000 | 00755nam a22002655a 4500 | ||
|---|---|---|---|
| 005 | 20161222104755.0 | ||
| 008 | 161222s2014 ua frbd 000 0 eng d | ||
| 020 | _a9789779009018 | ||
| 040 |
_aEG-ScBUE _beng _cEG-ScBUE |
||
| 043 | _af-ua--- | ||
| 082 | 0 | 4 |
_a345.62 _bBEL _222 |
| 100 | 1 | _aBelal, Ahmed. | |
| 245 | 1 | 0 |
_aIntroduction to criminology and penology / _cAhmed Belal. |
| 250 | _a1st ed. | ||
| 260 |
_aCairo : _bDar Al-Nahda Al-Arabiya, _c2014. |
||
| 300 |
_a698 p. ; _c24 cm. |
||
| 500 | _aIncludes glossary. | ||
| 504 | _aIncludes bibliographical references. | ||
| 650 | 7 |
_aCriminal law. _2BUEsh |
|
| 650 | 7 |
_aCriminology. _2BUEsh |
|
| 650 | 7 |
_aPenology. _2BUEsh |
|
| 651 | _2BUEsh | ||
| 653 |
_bLLAAWW _cDecember2016 |
||
| 942 | _2ddc | ||
| 999 |
_c23696 _d23668 |
||